000 00514nam a2200157 4500
008 0 2001 0a 000 0ESP
020 _a84-205-3177-4
050 _aQA76.76.O63 S7218 2001
082 _a001.64 S862s
100 _aStallings, William
245 _aSistemas operativos Principios de Diseño e interioridades / William Stallings
250 _a4
260 _aMadrid, España : Pearson Educación
300 _a800 p. / 25 cm.
650 _a1.COMPUTADORAS ELECTRONICAS DIGITALES-PROGRAMACION
999 _c17002
_d17002